000 01474nam a2200241Ia 4500
003 Ost
005 20260507074924.0
008 260507s9999||||xx |||||||||||||| ||und||
040 _cfsecg
041 _aara
082 _a658.15
100 _aعبد الهادي، محمد سعيد
_eمؤلف
245 0 _aالإدارة المالية :
_bالإستثمار والتمويل، التحليل المالي، الأسواق المالية الدولية /
_c محمد سعيد عبد الهادي
260 _aعمان:
_bدار حمد,
_c2008
300 _a330 صفحة؛
_bإيضاحات ؛
_c25 سم
504 _aببليوغرافيا: ص.295؛ ملاحق: ص.305؛ كشاف: ص.291
520 _aالادارة المالية، الادارة المالية والتخطيط المالي للمشروع، القيمة الزمنية للنقود، القوائم المالية، التحليل المالي، تحليل القوائم المالية، التحليل بالمؤشرات(النسب) المالية، الاستثمارات في الأصول المادية، الاستثمار في الأوراق المالية، تخطيط الاستثمارات في الاوراق المالية، تقييم الاستثمار، ادارة وتخطيط المخزون السلعي
653 _aالادارة المالية
653 _aالاستثمار
653 _aالأوراق المالية
653 _aالتمويل
942 _cكتاب
999 _c41818
_d41818